000 01519nam0a2200349 4500
001 RU\NLR\b_ik\101578
005 20250616225104.0
035 _a(NLR Aleph) 002175459
090 _a2711436
_c2711436
100 _a20031020d2002 |||y0rusy50 ca
101 0 _aeng
_drus
102 _aRU
105 _aa |||||||||
200 1 _aHigh-energy QCD asymptotics of photon-photon collisions
_fS.J. Brodsky, V.S. Fadin, V.T. Kim et al.
210 _aGatchina
_cПИЯФ
_d2002
215 _a11 с.
_cил.
_d20
225 1 _aPreprint
_fRuss. acad. of sciences, Petersburg nuclear physics inst.
_v2484. ПИЯФ-2002
300 _aНа обороте тит. л.: Высоко-энергетическая КХД асимптотика фотон-фотонных соударений / С.Дж. Бродский, В.С. Фадин, В.Т. Ким и др.
300 _aНа обл. надзаг. на рус. яз.
300 _aРез. на рус. яз.
320 _aБиблиогр.: с. 9-11 (22 назв.)
606 0 _aФотоны
_xСтолкновения
_91170918
_3RU\NLR\AUTH\66152144
606 0 _aКвантовая хромодинамика
_9912362
_3RU\NLR\AUTH\6613752
686 4 _aВ382.145
686 4 _aВ383.58
701 1 _aBrodsky
_bS. J.
_gStanley J
_4070
701 1 _aFadin
_bV. S.
_gViktor Sergeevič
_4070
701 1 _aKim
_bV. T.
_gViktor Timofeevič
_4070
801 0 _aRU
_bNLR
_c20031020
_gPSBO
942 _cBOOK
980 _aNB